书目信息 |
| 题名: |
现代打击乐理论与实践探索
|
|
| 作者: | 张成 著 | |
| 分册: | ||
| 出版信息: | 长春 吉林美术出版社 2021.5 |
|
| 页数: | 178页 | |
| 开本: | 24cm | |
| 丛书名: | ||
| 单 册: | ||
| 中图分类: | J625.06 | |
| 科图分类: | ||
| 主题词: | 击乐器--奏法--教学研究 | |
| 电子资源: | ||
| ISBN: | 978-7-5575-6345-5 | |
| 000 | 01128nam0 2200229 45 | |
| 001 | 012001001089 | |
| 005 | 20130910142453.0 | |
| 010 | @a978-7-5575-6345-5@dCNY60.00 | |
| 100 | @a20210524e20212020em y0chiy0110 ea | |
| 101 | 0 | @achi |
| 102 | @aCN@b220000 | |
| 105 | @aag z 000yy | |
| 106 | @ar | |
| 200 | 1 | @a现代打击乐理论与实践探索@Axian dai da ji yue li lun yu shi jian tan suo@f张成著 |
| 210 | @a长春@c吉林美术出版社@d2021.5 | |
| 215 | @a178页@c图,乐谱@d24cm | |
| 330 | @a本书以打击乐器为研究对象,分别从打击乐器的起源及发展、打击乐器的具体打法及演奏技巧、打击乐器的组织与编配等各个不同角度,对打击乐器及其演奏技巧做系统的梳理和研究。书中还对打击乐器在各个不同音乐应用场合中的理论与实践进行了探讨,包括西洋打击乐、民族打击乐、戏曲打击乐、流行打击乐、军乐队和鼓乐队打击乐中所用到的各式各样种类繁多的打击乐器。通过对形象和音乐形象的概念解析,探求中国民族打击乐中的音乐形象的含义;进而在丰富的音乐形象的塑造方式中总结和分析打击乐演奏中塑造音乐形象的方法。 | |
| 606 | 0 | @a击乐器@x奏法@x教学研究 |
| 690 | @aJ625.06@v5 | |
| 701 | 0 | @a张成@Azhang cheng@4著 |
| 801 | @aCN@b江苏凤凰@c20211018 | |
| 905 | @b1342161-4@dJ625.06@e524@f4 | |
| 现代打击乐理论与实践探索/张成著.-长春:吉林美术出版社,2021.5 |
| 178页:图,乐谱;24cm |
| ISBN 978-7-5575-6345-5:CNY60.00 |
| 本书以打击乐器为研究对象,分别从打击乐器的起源及发展、打击乐器的具体打法及演奏技巧、打击乐器的组织与编配等各个不同角度,对打击乐器及其演奏技巧做系统的梳理和研究。书中还对打击乐器在各个不同音乐应用场合中的理论与实践进行了探讨,包括西洋打击乐、民族打击乐、戏曲打击乐、流行打击乐、军乐队和鼓乐队打击乐中所用到的各式各样种类繁多的打击乐器。通过对形象和音乐形象的概念解析,探求中国民族打击乐中的音乐形象的含义;进而在丰富的音乐形象的塑造方式中总结和分析打击乐演奏中塑造音乐形象的方法。 |
| ● |
| 相关链接 |
|
|
|
|
正题名:现代打击乐理论与实践探索
索取号:J625.06/524
 
预约/预借
| 序号 | 登录号 | 条形码 | 馆藏地/架位号 | 状态 | 备注 |
| 1 | 1342161 | 213421616 | 第一样本阅览室/ [索取号:J625.06/524] | 在馆 | |
| 2 | 1342162 | 213421625 | 第一借阅区/ [索取号:J625.06/524] | 在馆 | |
| 3 | 1342163 | 213421634 | 第一借阅区/ [索取号:J625.06/524] | 在馆 | |
| 4 | 1342164 | 213421643 | 第一借阅区/ [索取号:J625.06/524] | 在馆 |